000 00637nam a2200241 i 4500
001 C2-0096682
003 PPAK
005 20180727093744.0
008 970519s1992 my |||| ||||| | may d
020 _a9836230432
040 _aPPAK
_beng
_cPPAK
_erda
082 0 4 _a899.233
_223
090 0 0 _a899.233
_bTAN
_dG
100 1 _aTan, Bok Hooi,
_eauthor
245 1 0 _aTopeng
264 1 _aKuala Lumpur :
_bDewan Bahasa dan Pustaka ,
_c1992
300 _a106 pages ;
_c18 cm
336 _2rdacontent
_atext
337 _2rdamedia
_aunmediated
338 _2rdacarrier
_avolume
650 1 0 _aYoung adult fiction, malay
942 _ddc
_cB
999 _c20987
_d20987